Στρατηγικό Μάρκετινγκ (Record no. 6025)
[ view plain ]
| 000 -LEADER | |
|---|---|
| fixed length control field | 03268cam a22002054a 4500 |
| 005 - ΗΜΕΡΟΜΗΝΙΑ ΚΑΙ ΩΡΑ ΤΕΛΕΥΤΑΙΑΣ ΕΝΗΜΕΡΩΣΗΣ | |
| Πεδίο ελέγχου | 20250605163522.0 |
| 008 - FIXED-LENGTH DATA ELEMENTS--GENERAL INFORMATION | |
| Πεδίο ελέγχου σταθερού μήκους | 250528s ||||||||||||||||||||||||d |
| 035 ## - SYSTEM CONTROL NUMBER | |
| System control number | 20948 |
| 020 ## - ISBN | |
| ISBN | 9789601429762 |
| 040 ## - ΠΗΓΗ ΚΑΤΑΛΟΓΟΓΡΑΦΗΣΗΣ | |
| Φορέας πρωτότυπης καταλογογράφησης | MC Athens Campus Library |
| Γλώσσα καταλογογράφησης | Ελληνικά, Μοντέρνα (1453-) |
| Modifying agency | MC Athens Campus Library |
| Κανόνες περιγραφικής καταλογογράφησης | AACR2 |
| 245 1# - ΤΙΤΛΟΣ ΚΑΙ ΔΗΛΩΣΗ ΥΠΕΥΘΥΝΟΤΗΤΑΣ | |
| Τίτλος | Στρατηγικό Μάρκετινγκ |
| 260 ## - PUBLICATION, DISTRIBUTION, ETC. | |
| Name of publisher, distributor, etc. | Α. Α. Λιβάνη, |
| Date of publication, distribution, etc. | 2015 |
| 300 ## - PHYSICAL DESCRIPTION | |
| Extent | 832 |
| 505 0# - FORMATTED CONTENTS NOTE | |
| Formatted contents note | Η Έννοια της Στρατηγικής στις Επιχειρήσεις και η Στρατηγική του Μάρκετινγκ, Στρατηγικός Σχεδιασμός Μάρκετινγκ, Το Ανταγωνιστικό Πλεονέκτημα, Το Σχέδιο Μάρκετινγκ, Ανάλυση Πωλήσεων και Εξωτερικού Περιβάλλοντος και Ευκαιριών, Μέθοδοι Πρόβλεψης Πωλήσεων και Δυνατότητας Αγοράς, Ανάλυση Ελκυστικότητας Βιομηχανίας, Ανάλυση Ανταγωνιστών, Ανάλυση Πελατών, Στρατηγική Τμηματοποίηση και Στόχευση και Τοποθέτηση, Ανάλυση Χαρτοφυλακίου Προιόντων, Στρατηγικές Διοίκησης Προιόντος και Γραμμή Προιόντος και Μάρκας, Στρατηγικές Τιμολόγησης και Διανομής Προιόντων, Στρατηγικές Ολοκληρωμένων Επικοινωνιών Μάρκετινγκ, Ειδικές Στρατηγικές Μάρκετινγκ, Στρατηγικές Πολέμου Μάρκετινγκ, Εφαρμογή και Αξιολόγηση και Έλεγχος του Στρατηγικού Σχεδιασμού Μάρκετινγκ. |
| 520 ## - SUMMARY, ETC. | |
| Summary, etc. | Η Έννοια της Στρατηγικής στις Επιχειρήσεις και η Στρατηγική του Μάρκετινγκ, Στρατηγικός Σχεδιασμός Μάρκετινγκ, Το Ανταγωνιστικό Πλεονέκτημα, Το Σχέδιο Μάρκετινγκ, Ανάλυση Πωλήσεων και Εξωτερικού Περιβάλλοντος και Ευκαιριών, Μέθοδοι Πρόβλεψης Πωλήσεων και Δυνατότητας Αγοράς, Ανάλυση Ελκυστικότητας Βιομηχανίας, Ανάλυση Ανταγωνιστών, Ανάλυση Πελατών, Στρατηγική Τμηματοποίηση και Στόχευση και Τοποθέτηση, Ανάλυση Χαρτοφυλακίου Προιόντων, Στρατηγικές Διοίκησης Προιόντος και Γραμμή Προιόντος και Μάρκας, Στρατηγικές Τιμολόγησης και Διανομής Προιόντων, Στρατηγικές Ολοκληρωμένων Επικοινωνιών Μάρκετινγκ, Ειδικές Στρατηγικές Μάρκετινγκ, Στρατηγικές Πολέμου Μάρκετινγκ, Εφαρμογή και Αξιολόγηση και Έλεγχος του Στρατηγικού Σχεδιασμού Μάρκετινγκ. |
| 700 1# - ΠΡΟΣΘΕΤΗ ΑΝΑΓΡΑΦΗ--ΦΥΣΙΚΟ ΠΡΟΣΩΠΟ | |
| Personal name | Σιώμκος Γεώργιος Ι |
| 942 ## - ADDED ENTRY ELEMENTS (KOHA) | |
| Koha item type | Books |
| Τύπος τεκμηρίου | Βιβλιοθήκη | Τρέχουσα τοποθεσία | Barcode | Αριθμός εισαγωγής | Ημερομηνία απόκτησης | Ταξιθετικό σύμβολο | Αριθμός αντιτύπου | Κατάσταση απόσυρσης | Κατάσταση χαμένου | Κατάσταση κατεστραμμένου | Μη δανεισμός | Σύνολο δανεισμών | Ημερομηνία τελευταίας εμφάνισης | Η τιμή ισχύει από |
|---|---|---|---|---|---|---|---|---|---|---|---|---|---|---|
| Books | MC Athens Campus Library | MC Athens Campus Library | 9780000060242 | 6688 | 05/06/2025 | 658.8 SIO | 1 | 05/06/2025 | 05/06/2025 |